[Event "Mecklenburg VP-ch Seniors 01st"]
[Site "Plau am See"]
[Date "2001.10.06"]
[Round "2"]
[White "Schroeder, Dierk"]
[Black "Neese, Hans Joachim"]
[Result "0-1"]
[WhiteElo "1841"]
[BlackElo "2134"]
[PlyCount "60"]
[EventDate "2001.10.??"]
[EventType "swiss"]
[EventRounds "9"]
[EventCountry "GER"]
[SourceTitle "EXT 2006"]
[Source "ChessBase"]
[SourceDate "2005.11.24"]
[SourceVersion "1"]
[SourceVersionDate "2005.11.24"]
[SourceQuality "1"]

1. e4 c5 2. Nf3 d6 3. d4 cxd4 4. Nxd4 Nf6 5. Nc3 a6 6. Be2 b5 7. a3 Bb7 8. Qd3 Nbd7 9. f3 e6 10. Be3 Be7 11. 0-0-0 Rc8 12. g4 Ne5 13. Qd2 0-0 14. h4 Nfd7 15. g5 Nb6 16. Qe1 Nec4 17. Bxc4 Nxc4 18. Rh2 Qc7 19. Bd2 d5 20. Re2 Rfd8 21. exd5 Nxd2 22. Rexd2 exd5 23. Na2 Bd6 24. Rd3 Bg3 25. Qg1 Qf4+ 26. Qe3 Qxe3+ 27. Rxe3 Bf4 28. Rde1 Re8 29. Kd2 Rxe3 30. Rxe3 Re8 0-1